Trade Promotion Authority and Fast-Track Negotiating Authority for Trade Agreements : Major Votes.

Presents a chronology, from 1974 to the present, of major Congressional votes on legislation to establish or extend Presidential trade promotion authority to negotiate trade agreements under an expedited procedure for Congressional approval, and on legislation utilizing such an expedited procedure t...

Full description

Bibliographic Details
Corporate Authors: Library of Congress. Congressional Research Service, ProQuest (Firm)
Format: eBook
Language:English
Published: [Place of publication not identified] : [publisher not identified], 2008.
Series:U.S. Congressional Research.
Subjects:
Online Access:Connect to the full text of this electronic book

MARC

Tag First Indicator Second Indicator Subfields
LEADER 00000cam a22000001a 4500
001 in00003405513
006 m d f
007 cr bn mmmapmmp
008 101221s2008 dcu o f000 0 eng d
005 20260430161150.3
035 |a cis2007866866 
040 |a ProQuest  |c ProQuest  |d UtOrBLW 
043 |a n-us--- 
099 |a CRS-2008-KSG-0007 
110 2 |a Library of Congress.  |b Congressional Research Service. 
245 1 0 |a Trade Promotion Authority and Fast-Track Negotiating Authority for Trade Agreements :  |b Major Votes. 
264 1 |a [Place of publication not identified] :  |b [publisher not identified],  |c 2008. 
300 |a 1 online resource. 
336 |a text  |b txt  |2 rdacontent 
337 |a computer  |b c  |2 rdamedia 
338 |a online resource  |b cr  |2 rdacarrier 
500 |a Record is based on bibliographic data in ProQuest U.S. Congressional Research Digital Collection (last viewed Dec. 2010). Reuse except for individual research requires license from ProQuest, LLC. 
500 |a CRS Report. 
520 |a Presents a chronology, from 1974 to the present, of major Congressional votes on legislation to establish or extend Presidential trade promotion authority to negotiate trade agreements under an expedited procedure for Congressional approval, and on legislation utilizing such an expedited procedure to implement trade agreements. 
500 |a Electronic resource. 
650 0 |a Executive-legislative relations. 
650 0 |a Foreign trade promotion. 
650 0 |a Chronology. 
655 7 |a Electronic books.  |2 local 
710 2 |a ProQuest (Firm) 
776 0 8 |i Microfiche version:   |a Library of Congress. Congressional Research Service.  |t Trade Promotion Authority and Fast-Track Negotiating Authority for Trade Agreements 
830 0 |a U.S. Congressional Research. 
856 4 0 |u http://proxy.library.tamu.edu/login?url=https://congressional.proquest.com/congcomp/getdoc?CRDC-ID=CRS-2008-KSG-0007  |z Connect to the full text of this electronic book  |t 0 
999 |a MARS 
999 f f |s 52679690-9be3-3804-bc65-f3d3ae53e742  |i 897f4b24-3c95-3e12-b677-96366ef28502  |t 0 
952 f f |a Texas A&M University  |b College Station  |c Electronic Resources  |s www_evans  |d Available Online  |t 0  |e CRS-2008-KSG-0007  |h Other scheme 
998 f f |a CRS-2008-KSG-0007  |t 0  |l Available Online